[Event "Bogota Intercolegiados 30th"]
[Site "Bogota"]
[Date "2009.09.29"]
[Round "1.7"]
[White "Jaramillo Ochoa, Mateo"]
[Black "Palomino, Daniel Fernando"]
[Result "1-0"]
[WhiteElo "1936"]
[BlackElo "1553"]
[PlyCount "50"]
[EventDate "2009.09.29"]
[EventType "swiss"]
[EventRounds "5"]
[EventCountry "COL"]
[SourceTitle "EXT 2024"]
[Source "ChessBase"]
[SourceDate "2023.10.10"]
[SourceVersion "1"]
[SourceVersionDate "2023.10.10"]
[SourceQuality "1"]

1. e4 e6 2. d4 d5 3. Nc3 Nf6 4. Bg5 Be7 5. e5 Nfd7 6. Bxe7 Qxe7 7. f4 0-0 8. Nf3 c5 9. Be2 Nc6 10. 0-0 cxd4 11. Nb5 f6 12. exf6 Nxf6 13. Nbxd4 Bd7 14. Nxc6 bxc6 15. Ne5 Ne4 16. Bd3 Bc8 17. Kh1 Nf2+ 18. Rxf2 Rxf4 19. c3 Qc5 20. Be4 dxe4 21. Qe2 Qb6 22. h3 Rf7 23. Qe1 Qc7 24. g3 Qa5 25. b4 Qa4 1-0